Budget 2004 - RICS initial response (Record no. 117114)

MARC details
000 -LEADER
fixed length control field 01444cam a2200229 4500
001 - CONTROL NUMBER
control field WB4011-09
008 - FIXED-LENGTH DATA ELEMENTS--GENERAL INFORMATION
fixed length control field 040318n2004 000 0 eng u
035 ## - SYSTEM CONTROL NUMBER
System control number (Sirsi) u125464
245 ## - TITLE STATEMENT
Title Budget 2004 - RICS initial response
260 ## - PUBLICATION, DISTRIBUTION, ETC.
Date of publication, distribution, etc. 2004
490 ## - SERIES STATEMENT
Series statement RICS News Service
Volume/sequential designation (pr028) 17 March 2004 (2)
520 ## - SUMMARY, ETC.
Summary, etc. Focuses on the key budget proposals on housing, regeneration and construction. RICS welcomes the government's recognition of the annual private sector housing shortfall and comments on some of the main Barker report recommendations. The relocation of 20 000 long-term jobs outside London is seen as bringing great regeneration opportunities. The government's pledge to maintain firm and substantial increase in public investment is seen as good news for the UK construction industry. Full VAT relief on church repairs until March 2006 was also announced. Barker final report is available at http://www.hm-treasury.gov.uk/consultations_and_le gislation/barker/consult_barker_index.cfm. Full budget statement is available at http://www.hm-treasury.gov.uk/budget/budget_04/bud _bud04_index.cfm http://www.rics.org/ricscms/bin/show?class=PressRe lease&template=/includes/showpr.html&id=1143&facul ty=RICS
590 ## - LOCAL NOTE (RLIN)
Local note WB
590 ## - LOCAL NOTE (RLIN)
Local note WB
650 ## - SUBJECT ADDED ENTRY--TOPICAL TERM
Topical term or geographic name entry element BUDGET 2004
650 ## - SUBJECT ADDED ENTRY--TOPICAL TERM
Topical term or geographic name entry element HOUSING
650 ## - SUBJECT ADDED ENTRY--TOPICAL TERM
Topical term or geographic name entry element REGENERATION
650 ## - SUBJECT ADDED ENTRY--TOPICAL TERM
Topical term or geographic name entry element CONSTRUCTION
650 ## - SUBJECT ADDED ENTRY--TOPICAL TERM
Topical term or geographic name entry element CHURCH REPAIRS
690 ## - LOCAL SUBJECT ADDED ENTRY--TOPICAL TERM (OCLC, RLIN)
Topical term or geographic name as entry element ECONOMIC ISSUES
942 ## - ADDED ENTRY ELEMENTS (KOHA)
Suppress in OPAC 0
Holdings
Withdrawn status Lost status Source of classification or shelving scheme Damaged status Not for loan Home library Current library Shelving location Date acquired Total Checkouts Full call number Barcode Date last seen Copy number Price effective from Koha item type
    Dewey Decimal Classification     London London News article 18/03/2004   WB4011-09 125464-1001 06/08/2019 1 06/08/2019 News article